000 00557nam a2200193Ia 4500
003 IN-BaIIA
008 211028s9999 xx 000 0 eng d
040 _cIIA Library
080 _a622.362
_bVIG
100 _aVigoureux, P
_91874
245 0 _aQuartz vibrators and their applications
_cP. Vigoureux and C. F. Booth.
260 _aLondon
_bHer Majesty's Stationary Office
_c1950
300 _axii, 371p.
650 _aFrequency control
_92197
650 _aNASA thesaurus
650 _aQuartz crystals
_92198
700 _aBooth, C. F
_92199
942 _cBK
999 _c1017
_d1017